Life after injury : (Record no. 115667)

MARC details
000 -LEADER
fixed length control field 00781nam a2200241 a 4500
008 - FIXED-LENGTH DATA ELEMENTS--GENERAL INFORMATION
fixed length control field
020 ## - INTERNATIONAL STANDARD BOOK NUMBER
International Standard Book Number 9839747770 (pbk.)
049 ## - LOCAL HOLDINGS (OCLC)
Holding library MAIN
090 ## - LOCALLY ASSIGNED LC-TYPE CALL NUMBER (OCLC); LOCAL CALL NUMBER (RLIN)
Classification number (OCLC) (R) ; Classification number, CALL (RLIN) (NR) RC953.8.P58.G48
Local cutter number (OCLC) ; Book number/undivided call number, CALL (RLIN) HOB
003 - CONTROL NUMBER IDENTIFIER
control field
005 - DATE AND TIME OF LATEST TRANSACTION
control field 20230120204022.0
040 ## - CATALOGING SOURCE
Transcribing agency NUST
100 1# - MAIN ENTRY--PERSONAL NAME
Personal name Hobbs, Liz.
245 10 - TITLE STATEMENT
Title Life after injury :
Remainder of title a rehabilitation manual for the injured and their helpers /
Statement of responsibility, etc. Liz Hobbs, Susan McDonough and Ann O'Callaghan.
260 ## - PUBLICATION, DISTRIBUTION, ETC.
Place of publication, distribution, etc. Penang :
Name of publisher, distributor, etc. Third World network,
Date of publication, distribution, etc. 2002.
300 ## - PHYSICAL DESCRIPTION
Extent 593 p. :
Other physical details ill. ;
Dimensions 25 cm.
500 ## - GENERAL NOTE
General note Includes bibliographical references.
650 #1 - SUBJECT ADDED ENTRY--TOPICAL TERM
Topical term or geographic name entry element Rehabilitation.
700 ## - ADDED ENTRY--PERSONAL NAME
Personal name O'Callaghan, Ann.
700 ## - ADDED ENTRY--PERSONAL NAME
Personal name McDonough, Susan.
907 ## - LOCAL DATA ELEMENT G, LDG (RLIN)
a .b10270279
b 30-04-10
c 22-10-09
942 ## - ADDED ENTRY ELEMENTS (KOHA)
Koha item type Ordinary Loan Books
Call number prefix RC953.8.P58.G48
Call number suffix HOB
Holdings
Date last seen Total Checkouts Full call number Barcode Cost, replacement price Price effective from Koha item type Lost status Source of classification or shelving scheme Damaged status Not for loan Collection Withdrawn status Home library Current library Shelving location Date acquired Cost, normal purchase price
01/20/2023   RC953.8.P58.G48 HOB 92004011138 80.00 01/20/2023 BOOKS   LCC     NFIC   MEDICAL MEDICAL GEN 01/20/2023 80.00